Subject to subsidence? (Record no. 60127)

MARC details
000 -LEADER
fixed length control field 00687cam a2200205 4500
001 - CONTROL NUMBER
control field ABS61385
008 - FIXED-LENGTH DATA ELEMENTS--GENERAL INFORMATION
fixed length control field 000000n1999 000 0 eng u
035 ## - SYSTEM CONTROL NUMBER
System control number (Sirsi) u100498
100 ## - MAIN ENTRY--PERSONAL NAME
Personal name Perrin, S.
245 ## - TITLE STATEMENT
Title Subject to subsidence?
260 ## - PUBLICATION, DISTRIBUTION, ETC.
Date of publication, distribution, etc. 1999
490 ## - SERIES STATEMENT
Series statement Accountancy
Volume/sequential designation 124(1274) October 1999, 24-26(3)
520 ## - SUMMARY, ETC.
Summary, etc. Argues that the confidence of experts in predicting there will not be a repeat of the late 1980s boom and bust property market is similar to what they were saying then.
590 ## - LOCAL NOTE (RLIN)
Local note ABS
650 ## - SUBJECT ADDED ENTRY--TOPICAL TERM
Topical term or geographic name entry element HOUSE PRICES
650 ## - SUBJECT ADDED ENTRY--TOPICAL TERM
Topical term or geographic name entry element GROWTH
650 ## - SUBJECT ADDED ENTRY--TOPICAL TERM
Topical term or geographic name entry element BUY-TO-LET
690 ## - LOCAL SUBJECT ADDED ENTRY--TOPICAL TERM (OCLC, RLIN)
Topical term or geographic name as entry element PROPERTY-RESIDENTIAL PROPERTY-RESIDENTIAL PROPERTY MARKET
942 ## - ADDED ENTRY ELEMENTS (KOHA)
Suppress in OPAC 0
Holdings
Withdrawn status Lost status Source of classification or shelving scheme Damaged status Not for loan Home library Current library Shelving location Date acquired Total Checkouts Full call number Barcode Date last seen Copy number Price effective from Koha item type
    Dewey Decimal Classification     London London Journal article 15/10/1999   ABS61385 100498-1001 06/08/2019 1 06/08/2019 Journal article